Представление документа в формате RUSMARC

ПолеНазваниеЗначение
  Тип записи a
  Библиографический уровень m
001 Контрольный номер UONB/MAIN/e8fafff4e18c47d3bb468451882a09a8
005 Дата корректировки 20260424112123.3
100 Данные общей обработки __
a Данные общей обработки 20260424d 1995u y0rusy0189 ca
101 Язык документа 0_
a Язык текста rus
102 Страна публикации __
a Страна публикации RU
200 Заглавие и сведения об ответственности 1_
a Заглавие № 6
203 Вид содержания и тип средства __
a Вид содержания Текст
b Характеристика содержания визуальный
c Тип средства непосредственный
210 Выходные данные 1_
d Дата издания 1995
461 Уровень набора _0
1 001UONB/MAIN/f08ee373b08748e18c1e7e666f7b106f
1 2001
a Дайджест рекламы
e сборник коммерческой информации
f учредитель Издательско-информационный центр "Телер"
v № 6
1 2101
a Москва
d 1991-
1 326
a Еженед.
801 Источник записи _0
a Страна RU
b Организация Ульяновская ОНБ
c Дата составления 20260424
g Правила каталогизации RCR
801 Источник записи _1
a Страна RU
b Организация Ульяновская ОНБ
c Дата составления 20260424
g Правила каталогизации RCR
901 Тип документа __
t Тип документа s
w Контрольный № источника UONB/MAIN/f08ee373b08748e18c1e7e666f7b106f
909 Создатель записи __
a Создатель записи Богданова
b Дата создания записи 20260424